L'anell al dit / (Record no. 28472)

MARC details
000 -LEADER
campo de control de longitud fija 00616nam a2200217 i 4500
001 - NÚMERO DE CONTROL
campo de control 28472
003 - IDENTIFICADOR DE NÚMERO DE CONTROL
campo de control ES-MaACL
005 - FECHA Y HORA DE LA ÚLTIMA TRANSACCIÓN
campo de control 20230906153848.0
007 - CAMPO FIJO DE DESCRIPCIÓN FÍSICA--INFORMACIÓN GENERAL
campo de control de longitud fija t|
008 - DATOS DE LONGITUD FIJA--INFORMACIÓN GENERAL
campo de control de longitud fija 030117s1964 sp ||||1| cat d
100 1# - ENTRADA PRINCIPAL--NOMBRE DE PERSONA
Nombre de persona Baixeras, José A.
9 (RLIN) 24749
245 12 - MENCIÓN DEL TÍTULO
Título L'anell al dit /
Mención de responsabilidad, etc. José A. Baixeras ; proleg de Josep M. Llompart.
250 ## - MENCION DE EDICION
Mención de edición 1ª ed.
260 ## - PUBLICACIÓN, DISTRIBUCIÓN, ETC.
Lugar de publicación, distribución, etc. Barcelona :
Nombre del editor, distribuidor, etc. Proa,
Fecha de publicación, distribución, etc. 1964 (
Fabricante Imp. Clarasó)
300 ## - DESCRIPCIÓN FÍSICA
Extensión 234 p. ;
Dimensiones 17 cm.
490 1# - MENCIÓN DE SERIE
Mención de serie A tot vent ;
Designación de volumen o secuencia 106
700 1# - ENTRADA AGREGADA--NOMBRE PERSONAL
Nombre de persona Llompart, Josep M.
9 (RLIN) 72812
830 0# - PUNTO DE ACCESO ADICIONAL DE SERIE-TÍTULO UNIFORME
Título uniforme A tot vent ;
Designación de volumen o secuencia 106
9 (RLIN) 180884
852 ## - LOCALIZACIÓN
Ubicación ES-MaACL
Número de control de estantería C-26510
Holdings
Estatus retirado Estado de pérdida Estado de daño No para préstamo Biblioteca de origen Biblioteca actual Ubicación en estantería Fecha de adquisición Fuente de adquisición Total de préstamos Signatura topográfica completa Código de barras Visto por última vez Precio de reemplazo Tipo de ítem Koha
        Biblioteca del Ateneo de Madrid Biblioteca del Ateneo de Madrid Depósito 2 17/01/2008     C-26510 1029393 23/02/2023 23/02/2023 Libro impreso